000 00586nam a2200193 4500
001 84913
003 BD-RjUL
005 20250512155228.0
008 250512s1999 pk ||||| |||| 00| 0 urd d
035 _a(BD-RjUL) 84913
040 _aBD-RjUL
_beng
_cBD-RjUL
041 _aurd
082 _223
_a297
_bSAN 1999
100 _aSana, Alim al-Nisa ;; ثناء, علىم النساء
_915439
245 1 0 _aنُورِ حَق ;; nuur-e-haq•नूर-ए-हक़ /
_cعلیم النساء ثناء ;; alim alnisa sana
300 _a80 p. ;
_c22 cm
650 _aIslam
942 _2ddc
_cBK
999 _c84913
_d84913